20th March 1977: A day like any other day (Record no. 28861)

MARC details
000 -LEADER
fixed length control field 00272nam a2200109Ia 4500
082 ## - DEWEY DECIMAL CLASSIFICATION NUMBER
Classification number 954
Item number ABB
100 ## - MAIN ENTRY--AUTHOR NAME
Personal name Abbas, K A
245 #0 - TITLE STATEMENT
Title 20th March 1977: A day like any other day
260 ## - PUBLICATION, DISTRIBUTION, ETC. (IMPRINT)
Place of publication Delhi
Name of publisher Vikas
Year of publication 1978
942 ## - ADDED ENTRY ELEMENTS (KOHA)
Koha item type Books
Holdings
Withdrawn status Lost status Damaged status Not for loan Home library Current library Date acquired Cost, normal purchase price Full call number Accession Number Koha item type
        RRII Library RRII Library 16/12/2021 30.00 954 ABB 09452 Books